00371pab a2200133 454500008004000000100001700040245007200057260000900129300001400138362000800152650002100160700002700181773002900208180718b2009 xxu||||| |||| 00| 0 eng d aFotel, Trine aMeta-governance of regional governance networks in Nordic countries c2009 ap.557-76. aNov aLocal government aHanssen, Gro Sandkjaer aLocal Government Studies